ADVANCED ACCOUNTING [VOL-2] (Record no. 8891)

MARC details
000 -LEADER
fixed length control field 00453nam a22001817a 4500
005 - DATE AND TIME OF LATEST TRANSACTION
control field 20251008133659.0
008 - FIXED-LENGTH DATA ELEMENTS--GENERAL INFORMATION
fixed length control field 251008b |||||||| |||| 00| 0 eng d
020 ## - INTERNATIONAL STANDARD BOOK NUMBER
ISBN 978-93-525-3313-8
041 ## - LANGUAGE CODE
Language code of text/sound track or separate title eng
082 ## - DEWEY DECIMAL CLASSIFICATION NUMBER
Classification number 657.046
100 ## - MAIN ENTRY--AUTHOR NAME
Personal name SHUKLA, MC & GREWAL, TS AND GUPTA, SC
245 ## - TITLE STATEMENT
Title ADVANCED ACCOUNTING [VOL-2]
250 ## - EDITION STATEMENT
Edition statement 19TH ED.
260 ## - PUBLICATION, DISTRIBUTION, ETC. (IMPRINT)
Place of publication NEW DELHI
Name of publisher S CHAND
Year of publication 1960
300 ## - PHYSICAL DESCRIPTION
Number of Pages 30.17;P
650 ## - SUBJECT ADDED ENTRY--TOPICAL TERM
Topical Term BCA
942 ## - ADDED ENTRY ELEMENTS (KOHA)
Koha item type Books
Holdings
Lost status Damaged status Collection code Home library Current library Date acquired Source of acquisition Cost, normal purchase price Full call number Accession Number Koha item type
    MANAGEMENT JRU Library JRU Library 08/10/2025 PURCHASE 1600.00 657.046 28959 Books
    MANAGEMENT JRU Library JRU Library 08/10/2025 PURCHASE 1600.00 657.046 28960 Books
    MANAGEMENT JRU Library JRU Library 08/10/2025 PURCHASE 1600.00 657.046 28961 Books
    MANAGEMENT JRU Library JRU Library 08/10/2025 PURCHASE 1600.00 657.046 28962 Books
    MANAGEMENT JRU Library JRU Library 08/10/2025 PURCHASE 1600.00 657.046 28963 Books